| 000 | 01477nam a2200373 c 4500 | ||
|---|---|---|---|
| 003 | BLK | ||
| 005 | 20250717162410.0 | ||
| 008 | 180408b bul|||||r ||||||| ||bul|| | ||
| 010 | _aKNG00098834000 | ||
| 020 |
_a978-954-26-0898-1 _bиздат.: Хермес |
||
| 040 | _aBLK | ||
| 041 |
_aBUL _cBUL |
||
| 072 | 7 |
_2bullib _aН83 _xЧужда художествена литература Н |
|
| 080 |
_aАмериканска литература (на САЩ) _b821.111(73) _x-312.4 _z821.111(73)-312.4 |
||
| 100 | 1 |
_aЛоуел, Елизабет _eпърви автор _989657 |
|
| 700 | 1 |
_aСтоилова, Пепа Стоилова _eпрев. от англ. _9364979 |
|
| 139 |
_aЛоуел, Елизабет _bЛ 84 |
||
| 245 | 1 | 0 |
_aНевинна като грях _bРоман _cЕлизабет Лоуел; прев. от англ. Пепа Стоилова Стоилова. |
| 257 | _aUSA | ||
| 260 |
_аПловдив _bХермес _c2010 _fХасково : Полиграфюг |
||
| 300 |
_a351 с. _c20 см |
||
| 380 | _aX | ||
| 490 | 1 | _aМегаселър | |
| 500 | _aОриг. загл. Innocent As Sin / Elizabeth Lowell. | ||
| 653 | _aкрими | ||
| 653 | _aромани | ||
| 659 | _aН | ||
| 852 | _aЦб 250421 | ||
| 856 | 4 |
_qpdf _u |
|
| 856 | 4 |
_qpdf _u |
|
| 942 |
_cKNG _n0 _0112 |
||
| 944 |
_aCR _c17.12.2010 _lЦветомила Тодорова _k30576 |
||
| 944 |
_aED _c09.02.2016 _lф / _kЛюдмила_Стоянова |
||
| 999 |
_c94016 _d94016 |
||